[Event "Olympiad-44"]
[Site "Chennai"]
[Date "2022.07.31"]
[Round "3.2"]
[White "Kigigha, Bomo"]
[Black "Cheikhna, Mohamed Lemine"]
[Result "1-0"]
[WhiteElo "2251"]
[BlackElo "1899"]
[PlyCount "43"]
[EventDate "2022.07.29"]
[EventType "team-swiss"]
[EventRounds "11"]
[EventCountry "IND"]
[SourceTitle "CBM 210"]
[Source "ChessBase"]
[SourceDate "2022.10.31"]
[SourceVersion "1"]
[SourceVersionDate "2022.10.31"]
[SourceQuality "1"]
[WhiteTeam "Nigeria"]
[BlackTeam "Mauritania"]
[WhiteTeamCountry "NGR"]
[BlackTeamCountry "MAU"]

1. c4 e5 2. g3 c6 3. Nf3 e4 4. Nd4 d5 5. cxd5 cxd5 6. Nc3 Nf6 7. Bg2 Nc6 8. Nxc6 bxc6 9. 0-0 Bd6 10. d3 exd3 11. Qxd3 0-0 12. e4 a5 13. Rd1 Bc5 14. exd5 Bxf2+ 15. Kxf2 Ng4+ 16. Kg1 Qb6+ 17. Qd4 Qxd4+ 18. Rxd4 cxd5 19. Nxd5 Rb8 20. h3 Nf6 21. Nxf6+ gxf6 22. Bh6 1-0

[Event "Monastir zt 4.1"]
[Site "Monastir"]
[Date "2022.03.14"]
[Round "3"]
[White "Cheikhna, Mohamed Lemine"]
[Black "Araoun, Saadi"]
[Result "0-1"]
[WhiteElo "1957"]
[BlackElo "2058"]
[PlyCount "70"]
[EventDate "2022.03.13"]
[EventType "swiss"]
[EventRounds "9"]
[EventCountry "TUN"]
[SourceTitle "EXT 2023"]
[Source "ChessBase"]
[SourceDate "2022.10.05"]
[SourceVersion "1"]
[SourceVersionDate "2022.10.05"]
[SourceQuality "1"]

1. d4 Nf6 2. Bf4 c5 3. e3 Qb6 4. Nc3 d6 5. Rb1 g6 6. Nf3 Bg7 7. Bb5+ Nbd7 8. 0-0 0-0 9. h3 a6 10. Bc4 cxd4 11. exd4 Qc7 12. Bd3 b5 13. Re1 Re8 14. Qd2 Bb7 15. Ne4 Nh5 16. Bh2 f5 17. Neg5 e5 18. dxe5 dxe5 19. g4 fxg4 20. hxg4 Nhf6 21. Qb4 Bf8 22. Qd2 Nxg4 23. Be4 Nxh2 24. Kxh2 Nf6 25. Kg2 Nxe4 26. Nxe4 Bg7 27. Qe3 Rf8 28. Nfg5 Qd7 29. f3 h6 30. Rbd1 Qf5 31. Qb3+ Kh8 32. Rh1 Bxe4 33. Nxe4 Rad8 34. Rxd8 Rxd8 35. Nd6 Rxd6 0-1

[Event "MTN-ch"]
[Site "Nouakchott"]
[Date "2019.04.04"]
[Round "9"]
[White "Cheikhna, Mohamed Lemine"]
[Black "Abderrahim Taleb, Mohamed"]
[Result "0-1"]
[WhiteElo "1958"]
[BlackElo "1726"]
[PlyCount "32"]
[EventDate "2019.03.29"]
[EventType "tourn"]
[EventRounds "9"]
[EventCountry "MAU"]
[SourceTitle "CBM 190 Extra"]
[Source "ChessBase"]
[SourceDate "2019.07.15"]
[SourceVersion "1"]
[SourceVersionDate "2019.07.15"]
[SourceQuality "1"]

1. d4 e5 2. dxe5 Nc6 3. Nf3 Qe7 4. Qd5 Qb4+ 5. c3 Qb6 6. e4 Bc5 7. Qd2 a5 8. Bc4 d6 9. 0-0 Bd7 10. Qg5 Nge7 11. Qxg7 0-0-0 12. Bxf7 dxe5 13. Nxe5 Nxe5 14. Qxe5 Rhf8 15. b4 axb4 16. cxb4 Bd4 0-1

[Event "MTN-ch"]
[Site "Nouakchott"]
[Date "2019.04.02"]
[Round "7"]
[White "Cheikhna, Mohamed Lemine"]
[Black "Ahmed El Bechir, Mohamedou"]
[Result "0-1"]
[WhiteElo "1958"]
[BlackElo "1833"]
[PlyCount "74"]
[EventDate "2019.03.29"]
[EventType "tourn"]
[EventRounds "9"]
[EventCountry "MAU"]
[SourceTitle "CBM 190 Extra"]
[Source "ChessBase"]
[SourceDate "2019.07.15"]
[SourceVersion "1"]
[SourceVersionDate "2019.07.15"]
[SourceQuality "1"]

1. d4 Nf6 2. Nf3 d5 3. Bf4 c5 4. e3 Qb6 5. Nc3 cxd4 6. exd4 Bd7 7. Rb1 e6 8. a3 Bd6 9. Bxd6 Qxd6 10. Bd3 a6 11. 0-0 Nc6 12. Re1 Ne7 13. Qd2 Ng6 14. Ne5 0-0 15. Re3 Nf4 16. Bf1 Rac8 17. Rf3 Ng6 18. Re1 Ne4 19. Nxe4 dxe4 20. Rxe4 Nxe5 21. Rxe5 f6 22. Rh5 e5 23. d5 Bg4 24. Rhh3 Bxf3 25. Rxf3 b5 26. a4 Rc5 27. Rd3 Rd8 28. axb5 axb5 29. Qa5 Rxc2 30. Qxb5 Rb8 31. Qa4 Rcxb2 32. Rd1 Qc5 33. h3 Rxf2 34. Kh1 Qd6 35. Bc4 Rf4 36. Qc6 Qxc6 37. dxc6+ Rxc4 0-1

[Event "MTN-ch"]
[Site "Nouakchott"]
[Date "2019.03.30"]
[Round "2"]
[White "Cheikhna, Mohamed Lemine"]
[Black "Nocha, Sidahmed"]
[Result "0-1"]
[WhiteElo "1958"]
[BlackElo "1773"]
[PlyCount "50"]
[EventDate "2019.03.29"]
[EventType "tourn"]
[EventRounds "9"]
[EventCountry "MAU"]
[SourceTitle "CBM 190 Extra"]
[Source "ChessBase"]
[SourceDate "2019.07.15"]
[SourceVersion "1"]
[SourceVersionDate "2019.07.15"]
[SourceQuality "1"]

1. d4 Nf6 2. Nf3 d5 3. Bf4 c6 4. e3 Bf5 5. c3 e6 6. Nbd2 Be7 7. Ne5 Nbd7 8. h3 h6 9. Ndf3 0-0 10. Nxd7 Nxd7 11. Bd3 Bxd3 12. Qxd3 f5 13. g4 Qe8 14. 0-0-0 Qg6 15. Rhg1 Kh8 16. h4 Kh7 17. Rg2 fxg4 18. Rxg4 Qf5 19. Qxf5+ Rxf5 20. Ne5 Nxe5 21. Bxe5 Rg8 22. Rdg1 Rf7 23. f4 Kh8 24. Kd2 Kh7 25. Kd3 g6 0-1

[Event "Olympiad-43"]
[Site "Batumi"]
[Date "2018.10.02"]
[Round "8.1"]
[White "Moayed, Obied"]
[Black "Cheikhna, Mohamed Lemine"]
[Result "1-0"]
[WhiteElo "2125"]
[BlackElo "1950"]
[PlyCount "63"]
[EventDate "2018.09.24"]
[EventType "team-swiss"]
[EventRounds "11"]
[EventCountry "GEO"]
[SourceTitle "CBM 187"]
[Source "ChessBase"]
[SourceDate "2018.12.11"]
[SourceVersion "1"]
[SourceVersionDate "2018.12.11"]
[SourceQuality "1"]
[WhiteTeam "Jordan"]
[BlackTeam "Mauritania"]
[WhiteTeamCountry "JOR"]
[BlackTeamCountry "MAU"]

1. d4 d5 2. c4 c6 3. Nf3 Nf6 4. Qb3 Qb6 5. Nc3 e6 6. Bf4 Bb4 7. c5 Qa5 8. Nd2 b6 9. cxb6 axb6 10. e3 0-0 11. a3 c5 12. Bd6 Rd8 13. Be7 Rd7 14. Bxf6 gxf6 15. Rc1 Bxc3 16. Rxc3 c4 17. Qd1 b5 18. Qg4+ Kf8 19. b4 cxb3 20. Rxc8+ Ke7 21. Qg8 Rd8 22. Rxd8 Qxd8 23. Qxd8+ Kxd8 24. Bxb5 Rxa3 25. Ke2 Na6 26. Bxa6 Rxa6 27. Nxb3 Ra2+ 28. Kf3 f5 29. Ra1 Rb2 30. Ra8+ Ke7 31. Nc5 Rb1 32. Rh8 1-0

[Event "MTN-ch"]
[Site "Nouakchott"]
[Date "2017.01.06"]
[Round "7"]
[White "Cheikhna, Mohamed Lemine"]
[Black "Hemam, Moulaye Brahim"]
[Result "0-1"]
[WhiteElo "1837"]
[BlackElo "2004"]
[PlyCount "68"]
[EventDate "2016.12.23"]
[EventType "tourn"]
[EventRounds "9"]
[EventCountry "MAU"]
[SourceTitle "CBM 176 Extra"]
[Source "ChessBase"]
[SourceDate "2017.03.02"]
[SourceVersion "1"]
[SourceVersionDate "2017.03.02"]
[SourceQuality "1"]

1. d4 d5 2. Nf3 Nf6 3. c4 e6 4. Nc3 Nbd7 5. cxd5 exd5 6. e3 c6 7. Bd3 Bd6 8. 0-0 0-0 9. Re1 Re8 10. Qc2 h6 11. a3 Nf8 12. b4 Bg4 13. Nh4 Ne4 14. Nxe4 dxe4 15. Bxe4 Qxh4 16. g3 Qh5 17. Bb2 Nd7 18. Bg2 Bf3 19. e4 Nb6 20. Re3 Bxg2 21. Kxg2 Qg6 22. Qe2 f5 23. exf5 Rxe3 24. fxe3 Qxf5 25. Qf3 Qc2+ 26. Qf2 Qb3 27. Bc1 Rf8 28. Qa2 Qxa2+ 29. Rxa2 Re8 30. Re2 Nd5 31. e4 Nc3 32. Re1 Rxe4 33. Rxe4 Nxe4 34. a4 Bxb4 0-1

[Event "MTN-ch"]
[Site "Nouakchott"]
[Date "2017.01.01"]
[Round "6"]
[White "Ahmed Val, Ahmedou"]
[Black "Cheikhna, Mohamed Lemine"]
[Result "1-0"]
[WhiteElo "1764"]
[BlackElo "1837"]
[PlyCount "93"]
[EventDate "2016.12.23"]
[EventType "tourn"]
[EventRounds "9"]
[EventCountry "MAU"]
[SourceTitle "CBM 176 Extra"]
[Source "ChessBase"]
[SourceDate "2017.03.02"]
[SourceVersion "1"]
[SourceVersionDate "2017.03.02"]
[SourceQuality "1"]

1. e4 c5 2. c3 d5 3. exd5 Qxd5 4. d4 Nf6 5. Nf3 Bg4 6. Be2 e6 7. h3 Bh5 8. Be3 Nbd7 9. 0-0 Be7 10. Nbd2 0-0 11. Re1 Rad8 12. Qc2 a6 13. b3 cxd4 14. cxd4 Bg6 15. Qb2 b5 16. Nh4 e5 17. Nxg6 fxg6 18. Rad1 Bd6 19. Nc4 Bc7 20. dxe5 Bxe5 21. Qa3 Qc6 22. Bf3 Qc7 23. Nxe5 Nxe5 24. Be2 Qb7 25. Bd4 Nfd7 26. Qb2 Rde8 27. Qd2 Kh8 28. f4 Nc6 29. Bf3 Ndb8 30. Rxe8 Rxe8 31. Re1 Rd8 32. Bc5 h6 33. Qc3 Qf7 34. Qe3 Kh7 35. g3 Qd7 36. Bg4 Qd3 37. Rd1 Qxe3+ 38. Bxe3 Re8 39. Bc5 h5 40. Bf3 Nd8 41. Kf2 Ne6 42. Be3 Nf8 43. Rd6 Rc8 44. Be4 Re8 45. Kf3 Nfd7 46. Bxg6+ Kh8 47. Bxe8 1-0

[Event "MTN-ch"]
[Site "Nouakchott"]
[Date "2016.12.31"]
[Round "5"]
[White "Hassan, Abderrahmane"]
[Black "Cheikhna, Mohamed Lemine"]
[Result "1-0"]
[WhiteElo "1735"]
[BlackElo "1837"]
[PlyCount "91"]
[EventDate "2016.12.23"]
[EventType "tourn"]
[EventRounds "9"]
[EventCountry "MAU"]
[SourceTitle "CBM 176 Extra"]
[Source "ChessBase"]
[SourceDate "2017.03.02"]
[SourceVersion "1"]
[SourceVersionDate "2017.03.02"]
[SourceQuality "1"]

1. e4 d5 2. exd5 Qxd5 3. Nf3 Nf6 4. d4 Bg4 5. Be2 e6 6. h3 Bh5 7. 0-0 Be7 8. c4 Qd8 9. Qb3 b6 10. Nc3 0-0 11. Be3 c6 12. Rfd1 Qc7 13. Rac1 Nbd7 14. d5 exd5 15. cxd5 Nc5 16. Bxc5 Bxc5 17. dxc6 Qxc6 18. Na4 Rfe8 19. Bb5 Qc7 20. Bxe8 Rxe8 21. Nxc5 bxc5 22. Re1 Rb8 23. Qc3 h6 24. b4 Nd5 25. Qxc5 Qxc5 26. Rxc5 Nf4 27. Re4 Nxh3+ 28. gxh3 Bxf3 29. Rf4 Be2 30. Rc7 a6 31. Rfxf7 Rxb4 32. Rxg7+ Kf8 33. Rcf7+ Ke8 34. Rb7 Rxb7 35. Rxb7 Kf8 36. f4 Bc4 37. a3 h5 38. h4 Bf7 39. Kf2 Kg7 40. Ke3 Kf6 41. Rb6+ Kf5 42. Rxa6 Kg4 43. Ra7 Bd5 44. Rg7+ Kxh4 45. f5 Kh3 46. f6 1-0